[Event "Challenge"]
[Site "http://www.queenalice.com/game.php?id=1626640"]
[Date "2020.9.11"]
[Round "-"]
[White "RJGF"]
[Black "Albator007"]
[Result "1-0"]
[WhiteElo "2177"]
[BlackElo "2539"]

1. d4 Nf6 2. c4 g6 3. Nc3 Bg7 4. Nf3 O-O 5. e4 d6 6. Bd3 Bg4 7. O-O Nc6 8. Be3
e5 9. d5 Nd4 10. Bxd4 exd4 11. Nb5 Nd7 12. h3 Bxf3 13. Qxf3 Re8 14. Na3 c6 15.
Qg3 Nc5 16. Rfe1 Rc8 17. Rad1 Qb6 18. Rb1 cxd5 19. exd5 Rxe1+ 20. Rxe1 Qxb2 21.
Bc2 d3 22. Bxd3 Qxa3 23. Be2 1-0

[Event "Let's Play Chess!"]
[Site "http://www.queenalice.com/game.php?id=1760304"]
[Date "2021.5.23"]
[Round "-"]
[White "Albator007"]
[Black "Rudolf"]
[Result "1-0"]
[WhiteElo "2501"]
[BlackElo "2559"]

1. e4 c5 2. Nf3 d6 3. d4 cxd4 4. Nxd4 Nf6 5. Nc3 a6 6. Bg5 e6 7. f4 Nbd7 8. Qe2
Be7 9. O-O-O h6 10. Bh4 Qc7 11. g4 g5 12. fxg5 hxg5 13. Bxg5 b5 14. h4 b4 15.
Nb1 Ne5 16. Nd2 Nfxg4 17. Rg1 Nf6 18. Qf2 Nfg4 19. Qg3 Bd7 20. Be2 Qb6 21. N2f3
Bxg5+ 22. Nxg5 Nh6 23. Kb1 O-O-O 24. Rgf1 Kb8 25. Ndf3 Bb5 26. Bxb5 Qxb5 27.
Nxe5 dxe5 28. Rxd8+ Rxd8 29. Rc1 Rc8 30. h5 Rg8 31. Qe3 Qb7 32. a4 Ng4 33. Qd3
Qc7 34. Nf3 Qb6 35. Qd2 f5 36. h6 Rh8 37. Qd7 Rxh6 38. exf5 Qc7 39. Qd3 Qc8 40.
Qd6+ Ka8 41. fxe6 Rxe6 42. Qxb4 Nf6 43. Rh1 Qb8 44. Qc5 1-0

[Event "Challenge"]
[Site "http://www.queenalice.com/game.php?id=1760318"]
[Date "2021.5.23"]
[Round "-"]
[White "josekasparov"]
[Black "Albator007"]
[Result "0-1"]
[WhiteElo "2527"]
[BlackElo "2534"]

1. Nf3 Nf6 2. b3 g6 3. Bb2 Bg7 4. e3 O-O 5. d4 d6 6. c4 e5 7. Nc3 e4 8. Nd2 Re8
9. Qc2 Nc6 10. h3 d5 11. a3 Ne7 12. cxd5 Nexd5 13. Bc4 c6 14. O-O Nxc3 15. Qxc3
Nd5 16. Qc2 Bf5 17. b4 Qg5 18. Kh1 Qh4 19. Kg1 Re6 20. Rfe1 Rae8 21. Nf1 Bf8 22.
b5 Rf6 23. bxc6 bxc6 24. Ng3 Bd6 25. a4 Bxh3 26. gxh3 Rf3 27. Bf1 Re6 28. Re2
Bxg3 29. fxg3 Rxg3+ 30. Bg2 Rf6 31. Ba3 h5 32. Qb3 Kh7 33. Rf1 Rxf1+ 34. Kxf1
Nxe3+ 0-1

[Event "Let's Play Chess!"]
[Site "http://www.queenalice.com/game.php?id=1760319"]
[Date "2021.5.27"]
[Round "-"]
[White "gbsalvio"]
[Black "Albator007"]
[Result "0-1"]
[WhiteElo "2620"]
[BlackElo "2538"]

1. e4 c5 2. Nf3 e6 3. d4 cxd4 4. Nxd4 Nf6 5. Nc3 Nc6 6. Nxc6 bxc6 7. e5 Nd5 8.
Ne4 Qc7 9. f4 Rb8 10. c4 Bb4+ 11. Ke2 O-O 12. cxd5 cxd5 13. Ng5 d6 14. a3 Ba5
15. exd6 Qxd6 16. Qc2 g6 17. b4 e5 18. bxa5 Bf5 19. Qd1 Rfe8 20. Kf2 Qc5+ 21.
Be3 Rb2+ 22. Be2 d4 23. Re1 dxe3+ 24. Kg1 h6 25. Nf3 exf4 26. h4 Rc8 27. Qa4 Qc3
28. Qd4 Qxd4 29. Nxd4 Be4 30. Rac1 Rxc1 31. Rxc1 g5 32. Re1 Kg7 33. hxg5 hxg5
34. Bf3 Bxf3 35. Nxf3 Kg6 36. Ne5+ Kf6 37. Ng4+ Kf5 38. Nxe3+ fxe3 39. Rxe3 f6
40. Re7 Kf4 41. Kh2 g4 42. Rc7 f5 43. Rc3 a6 44. Rc8 Ra2 45. Rc3 Kg5 46. Rc5 Rd2
47. Kg3 Rb2 48. Kh2 Ra2 49. a4 Re2 50. Kg3 Rb2 51. Rd5 Ra2 52. Rc5 Rxa4 53. Kh2
Kf4 54. g3+ Ke4 55. Kg2 Ra2+ 0-1

[Event "Let's Play Chess!"]
[Site "http://www.queenalice.com/game.php?id=1760320"]
[Date "2021.5.27"]
[Round "-"]
[White "gbsalvio"]
[Black "Albator007"]
[Result "1/2-1/2"]
[WhiteElo "2613"]
[BlackElo "2553"]

1. Nc3 d5 2. d4 Nf6 3. f3 c5 4. e4 dxe4 5. d5 exf3 6. Nxf3 g6 7. Bb5+ Nbd7 8.
O-O Bg7 9. d6 O-O 10. dxe7 Qxe7 11. Re1 Qd8 12. a4 Nb8 13. Qxd8 Rxd8 14. Be3 Bf5
15. Bxc5 Rc8 16. Be7 Nc6 17. Bxc6 bxc6 18. Nd4 Bd7 19. Rad1 Rab8 20. Ba3 c5 21.
Nf3 Bf5 22. Rd2 Bf8 23. Rde2 Rd8 24. h3 h5 25. b3 Nd5 26. Nxd5 Rxd5 27. Nh4 Bd7
28. Nf3 f6 29. Nd2 Kf7 30. Nc4 Rd8 31. Ne3 Rd4 32. Bb2 Rd6 33. Nc4 Re6 34. Rxe6
Bxe6 35. Rf1 Bxc4 36. bxc4 Rd6 37. g4 Be7 38. gxh5 gxh5 39. Bc3 Ra6 40. a5 Re6
41. Re1 Rxe1+ 42. Bxe1 Ke6 43. Kf2 Bd6 44. Kf3 f5 45. Bd2 Kd7 46. Be3 Kc6 47.
Bd2 Kb7 48. Bg5 Ka6 1/2-1/2

[Event "Challenge"]
[Site "http://www.queenalice.com/game.php?id=1760323"]
[Date "2021.5.24"]
[Round "-"]
[White "CCapivara"]
[Black "Albator007"]
[Result "0-1"]
[WhiteElo "2179"]
[BlackElo "2517"]

1. e4 c5 2. Nf3 Nc6 3. d4 cxd4 4. Nxd4 e5 5. Nb5 d6 6. N1c3 a6 7. Na3 b5 8. Nd5
Nge7 9. Bg5 h6 10. Bxe7 Nxe7 11. c3 Nxd5 12. Qxd5 Be6 13. Qc6+ Bd7 14. Qd5 Rc8
15. Be2 Bc6 16. Qd3 d5 17. exd5 Qxd5 18. Qxd5 Bxd5 19. O-O Bxa3 20. bxa3 Rxc3
21. a4 bxa4 22. Bxa6 Ke7 23. Rfe1 Kf6 24. a3 Rb8 25. Rad1 Rc5 26. Re3 e4 27. h4
Ke5 28. g3 f5 29. f3 Rb3 30. Rde1 Kd4 31. Rxb3 axb3 32. fxe4 b2 33. Rd1+ Kxe4
34. Bd3+ Ke3 35. Kf1 Rc1 0-1

[Event "Challenge"]
[Site "http://www.queenalice.com/game.php?id=1760340"]
[Date "2021.5.24"]
[Round "-"]
[White "George1955"]
[Black "Albator007"]
[Result "1-0"]
[WhiteElo "2375"]
[BlackElo "2554"]

1. e4 c5 2. Nf3 d6 3. d4 cxd4 4. Nxd4 Nf6 5. Nc3 a6 6. Be3 e5 7. Nb3 Be6 8. f3
h5 9. Qd2 Nbd7 10. O-O-O Be7 11. Kb1 b5 12. h3 h4 13. a3 Qc7 14. Bg5 Nh5 15.
Bxe7 Kxe7 16. Qg5+ Nhf6 17. Be2 Rac8 18. f4 Kf8 19. fxe5 dxe5 20. Bf3 Kg8 21.
Rhe1 g6 22. Qd2 Nb6 23. Qd6 Kg7 24. Na5 Rhe8 25. Qxc7 Rxc7 26. Rd6 Nc4 27. Nxc4
Bxc4 28. Re3 Rec8 29. Rb6 Rc6 30. Rxc6 Rxc6 31. b3 Be6 32. Na2 Rb6 33. Nb4 a5
34. Nd3 Nd7 35. Be2 1-0

[Event "Challenge"]
[Site "http://www.queenalice.com/game.php?id=1760341"]
[Date "2021.5.24"]
[Round "-"]
[White "danielglowinski"]
[Black "Albator007"]
[Result "1-0"]
[WhiteElo "2527"]
[BlackElo "2529"]

1. e4 c5 2. Nf3 e6 3. d4 cxd4 4. Nxd4 Nf6 5. Nc3 Nc6 6. Ndb5 d6 7. Be3 a6 8. Nd4
Be7 9. Be2 O-O 10. O-O Qc7 11. Qd2 Ne5 12. a4 b6 13. f4 Neg4 14. Rad1 Bb7 15.
Bf3 Nxe3 16. Qxe3 h6 17. e5 dxe5 18. Qxe5 Rfc8 19. Bxb7 Qxb7 20. f5 Rc5 21. Qe2
e5 22. Nb3 Rc6 23. Qxe5 Bb4 24. Nd5 Rxc2 25. Rf2 Rxf2 26. Nxf6+ gxf6 27. Qg3+
1-0

[Event "Challenge"]
[Site "http://www.queenalice.com/game.php?id=1760444"]
[Date "2021.5.25"]
[Round "-"]
[White "Harry28"]
[Black "Albator007"]
[Result "0-1"]
[WhiteElo "2286"]
[BlackElo "2550"]

1. d4 Nf6 2. c4 g6 3. Nc3 Bg7 4. e4 d6 5. Bg5 O-O 6. Qd2 c5 7. Nf3 cxd4 8. Nxd4
Nc6 9. Nxc6 bxc6 10. Be2 a5 11. Rd1 Nd7 12. O-O a4 13. Be3 Qa5 14. Bd4 Bxd4 15.
Qxd4 Qc5 16. Qxc5 Nxc5 17. Rd2 Be6 18. f4 f6 19. Re1 Rfb8 20. Bf1 Ra7 21. e5
dxe5 22. fxe5 f5 23. g3 Rab7 24. Nd1 Kf7 25. Bg2 Rd7 26. Rxd7 Bxd7 27. Re2 Rb4
28. Rc2 Ke6 29. a3 Rb8 30. Re2 Be8 31. Re3 g5 32. Bf3 Rb3 33. Rxb3 axb3 34. Nc3
Kxe5 35. a4 Kd4 0-1

[Event "AUTO-ELITE-2343"]
[Site "http://www.queenalice.com/game.php?id=1763754"]
[Date "2021.7.5"]
[Round "1"]
[White "pickles"]
[Black "Albator007"]
[Result "1-0"]
[WhiteElo "2560"]
[BlackElo "2537"]

1. e4 e5 2. Bc4 Nf6 3. d4 exd4 4. Nf3 Nxe4 5. Qxd4 Nf6 6. Nc3 c6 7. Bg5 d5 8.
O-O-O Be7 9. Rhe1 Be6 10. Qh4 Nbd7 11. Bd3 Nc5 12. Nd4 Ng8 13. f4 Bxg5 14. fxg5
Ne7 15. Na4 Nxd3+ 16. Rxd3 Qd6 17. Rde3 O-O 18. Nxe6 Ng6 19. Qg4 fxe6 20. Qxe6+
Qxe6 21. Rxe6 Rf2 22. b3 Raf8 23. Nc5 Rxg2 24. Nxb7 Rxg5 25. Nc5 Rg2 26. Rxc6
Rxh2 27. Rc7 Rf7 28. Rc8+ Nf8 29. Kb2 Rhf2 30. Nd3 Rf1 31. Re5 R7f5 32. c4 dxc4
33. bxc4 g5 34. c5 g4 35. Rce8 Rxe5 36. Rxe5 Rf6 37. Rg5+ Rg6 38. c6 Ne6 39.
Rxg6+ hxg6 40. Nf4 Kf7 41. Kc1 g3 42. Kd2 Nxf4 43. c7 g2 44. c8=Q g1=Q 45. Qc7+
Ke6 46. Qxf4 Qc5 47. Qg4+ Qf5 48. Qg1 1-0

[Event "AUTO-ELITE-2343"]
[Site "http://www.queenalice.com/game.php?id=1763755"]
[Date "2021.7.5"]
[Round "1"]
[White "Albator007"]
[Black "pickles"]
[Result "1-0"]
[WhiteElo "2518"]
[BlackElo "2541"]

1. e4 c6 2. d4 d5 3. e5 Bf5 4. h4 h5 5. Bd3 Bxd3 6. Qxd3 e6 7. Bg5 Qb6 8. Nd2
Qa6 9. c4 Bb4 10. b3 c5 11. Nf3 Nc6 12. dxc5 Nge7 13. O-O Bxc5 14. a3 dxc4 15.
Nxc4 Rd8 16. Qe2 Rd5 17. b4 Bd4 18. b5 1-0

[Event "AUTO-ELITE-2343"]
[Site "http://www.queenalice.com/game.php?id=1763762"]
[Date "2021.7.5"]
[Round "1"]
[White "Albator007"]
[Black "BEBADO"]
[Result "1-0"]
[WhiteElo "2526"]
[BlackElo "2307"]

1. e4 d5 2. exd5 Nf6 3. d4 Nxd5 4. Nf3 g6 5. c4 Nb6 6. h3 Bg7 7. Nc3 O-O 8. Be3
Nc6 9. Be2 e5 10. d5 Ne7 11. g4 f5 12. Qb3 Kh8 13. O-O-O Nd7 14. Ng5 Nf6 15. Ne6
Bxe6 16. dxe6 Qc8 17. g5 Ne8 18. Rd7 1-0

[Event "AUTO-ELITE-2343"]
[Site "http://www.queenalice.com/game.php?id=1763763"]
[Date "2021.7.5"]
[Round "1"]
[White "BEBADO"]
[Black "Albator007"]
[Result "0-1"]
[WhiteElo "2316"]
[BlackElo "2530"]

1. c4 e5 2. Nc3 Nf6 3. g3 c6 4. Nf3 e4 5. Nd4 Qb6 6. e3 d5 7. cxd5 cxd5 8. d3
Bb4 9. dxe4 dxe4 10. Bd2 Nc6 11. Nxc6 bxc6 12. Qc2 O-O 13. Be2 Bh3 14. O-O-O
Rab8 15. Kb1 Be6 0-1

[Event "Challenge"]
[Site "http://www.queenalice.com/game.php?id=1764431"]
[Date "2021.7.15"]
[Round "-"]
[White "Cuxtal"]
[Black "Albator007"]
[Result "1-0"]
[WhiteElo "2765"]
[BlackElo "2542"]

1. e4 c5 2. Nf3 d6 3. d4 cxd4 4. Nxd4 Nf6 5. Nc3 a6 6. h3 e6 7. g4 Nfd7 8. Be3
b5 9. a3 Bb7 10. g5 Be7 11. h4 Nc6 12. f4 O-O 13. Rg1 Re8 14. h5 Nxd4 15. Qxd4
e5 16. fxe5 dxe5 17. Qd1 Qc7 18. Qg4 Nf8 19. Bd2 b4 20. axb4 Bxb4 21. Rg3 Rad8
22. O-O-O Rd4 23. Rd3 Rc8 24. h6 1-0

[Event "Challenge"]
[Site "http://www.queenalice.com/game.php?id=1764620"]
[Date "2021.7.17"]
[Round "-"]
[White "Harry28"]
[Black "Albator007"]
[Result "0-1"]
[WhiteElo "2290"]
[BlackElo "2547"]

1. e4 e5 2. Nf3 Nc6 3. Nc3 Nf6 4. d4 exd4 5. Nxd4 Bb4 6. Nxc6 bxc6 7. Bd2 O-O 8.
Bd3 d5 9. O-O a5 10. e5 Ng4 11. h3 Nxe5 12. Bxh7+ Kxh7 13. Qh5+ Kg8 14. Qxe5 d4
15. Ne4 Re8 16. Qf4 Rxe4 17. Qxe4 Bxd2 18. Rfd1 Bb4 19. Rxd4 Bd7 20. Rad1 Bd6
21. Qf3 Qg5 22. Re1 Rb8 23. b3 c5 24. Rdd1 Qg6 25. Re2 a4 26. Rde1 c4 27. bxc4
Bc6 28. Qg4 Qxg4 29. hxg4 Rb4 0-1